000 00335nam a22001337a 4500
027 _qPB.
040 _cFIZZA ISHAQ
082 _a154.63
_bNER
100 _aDEE,NERYS.
_9132305
245 _aUNDERSTANDING & INTERPRETING DREAMS /
_cNERYS,DEE.
260 _aCANADA;
_bSTERLING,
_c1990.
300 _a240 P. ;
_c10.5X8IN
942 _2ddc
_cBK
999 _c615528
_d615528